ბათუმის შოთა რუსთაველის სახელმწიფო უნივერსიტეტის ბიბლიოთეკა

მმართველობითი აღრიცხვა. თეორია და პრაქტიკა. (ბიბ.ჩანაწერი № 36549)

000 -LEADER
fixed length control field 00869nam a2200229Ia 4500
001 - CONTROL NUMBER
control field 2468
003 - CONTROL NUMBER IDENTIFIER
control field GE_BSU
008 - FIXED-LENGTH DATA ELEMENTS--GENERAL INFORMATION
fixed length control field 181216s||||||||xx |||||||||||||| ||und||
020 ## - INTERNATIONAL STANDARD BOOK NUMBER
International Standard Book Number 9789941007453
040 ## - CATALOGING SOURCE
Transcribing agency GE_BSU
080 ## - UNIVERSAL DECIMAL CLASSIFICATION NUMBER
Universal Decimal Classification number 65.22(075.8)
100 ## - MAIN ENTRY--PERSONAL NAME
Personal name ჭილაძე იზოლდა.
245 ## - TITLE STATEMENT
Title მმართველობითი აღრიცხვა. თეორია და პრაქტიკა.
245 ## - TITLE STATEMENT
Statement of responsibility, etc. [რედ. ნანა სრესელი, ზეინაბ გორგიჭიანი].
260 ## - PUBLICATION, DISTRIBUTION, ETC.
Place of publication, distribution, etc. თბილისი
260 ## - PUBLICATION, DISTRIBUTION, ETC.
Name of publisher, distributor, etc. ეროვნული მწერლობა
260 ## - PUBLICATION, DISTRIBUTION, ETC.
Date of publication, distribution, etc. 2008
300 ## - PHYSICAL DESCRIPTION
Extent 255 გვ.
653 ## - INDEX TERM--UNCONTROLLED
Uncontrolled term მმართველობითი აღრიცხვა. თეორია და პრაქტიკა.
942 ## - ADDED ENTRY ELEMENTS (KOHA)
Koha item type წიგნი
ეგზემპლარები
Withdrawn status Lost status Damaged status Not for loan Date acquired Barcode Date last seen Price effective from Koha item type
        2018-12-17 963 2018-12-17 2018-12-17 წიგნი